Интенсивная механическая технология сыпучих материалов: межвузовский сборник научных трудов

Chi tiết về thư mục
Tác giả của công ty: Ивановский химико-технологический институт
Tác giả khác: Блиничев В. Н. (редактор)
Ngôn ngữ:Tiếng Nga
Được phát hành: Иваново, [Б. и.], 1990
Những chủ đề:
Định dạng: Sách
KOHA link:https://koha.lib.tpu.ru/cgi-bin/koha/opac-detail.pl?biblionumber=196773

MARC

LEADER 00000nam0a2200000 4500
001 196773
005 20231101224720.0
010 |a 5230054298 
035 |a (RuTPU)RU\TPU\book\214652 
090 |a 196773 
100 |a 20110528d1990 k y0rusy50 ca 
101 0 |a rus 
102 |a RU 
105 |a a z 001zy 
200 1 |a Интенсивная механическая технология сыпучих материалов  |e межвузовский сборник научных трудов  |f Ивановский химико-технологический институт ; под ред. В. Н. Блиничева 
210 |a Иваново  |c [Б. и.]  |d 1990 
215 |a 140 с.  |c ил. 
320 |a Библиогр. в конце ст. 
610 1 |a сыпучие материалы 
610 1 |a математические модели 
610 1 |a классификаторы 
610 1 |a дозаторы 
610 1 |a смесители 
610 1 |a очистка 
675 |a 66.022  |v 3 
702 1 |a Блиничев  |b В. Н.  |4 340 
712 0 2 |a Ивановский химико-технологический институт  |2 stltpush  |3 (RuTPU)RU\TPU\col\7666  |9 24360 
801 1 |a RU  |b 63413507  |c 20110528 
801 2 |a RU  |b 63413507  |c 20131223  |g RCR 
942 |c BK